Online
Catalog

Folklore tachirense / (Record no. 18786)

MARC details
000 -CABECERA
campo de control de longitud fija 00814cam a2200241 a 4500
001 - NÚMERO DE CONTROL
campo de control 000019268
005 - FECHA Y HORA DE LA ÚLTIMA TRANSACCIÓN
campo de control 20200929165952.0
008 - DATOS DE LONGITUD FIJA--INFORMACIÓN GENERAL
campo de control de longitud fija 760709s1961 ve 000 0 spa d
040 ## - FUENTE DE LA CATALOGACIÓN
Centro catalogador/agencia de origen DO-SdBNP
Lengua de catalogación spa
Centro/agencia transcriptor LC
Centro/agencia modificador BNPHU
050 00 - SIGNATURA TOPOGRÁFICA DE LA BIBLIOTECA DEL CONGRESO
Número de clasificación GR133.V4
Número de documento/Ítem R3
082 ## - NÚMERO DE LA CLASIFICACIÓN DECIMAL DEWEY
Número de clasificación nn*
Número de documento/Ítem R175f
049 ## - FONDOS LOCALES (OCLC)
Fondos de biblioteca BNGR
100 1# - ENTRADA PRINCIPAL--NOMBRE DE PERSONA
Nombre de persona Ramon y Rivera, Luis Felipe,
Fechas asociadas al nombre 1913-1994.
9 (RLIN) 14405
245 10 - MENCIÓN DE TÍTULO
Título Folklore tachirense /
Mención de responsabilidad, etc. L. F. Ramon y Rivera e Isabel Aretz.
260 ## - PUBLICACIÓN, DISTRIBUCIÓN, ETC.
Lugar de publicación, distribución, etc. Caracas ;,
Fecha de publicación, distribución, etc. 1961.
300 ## - DESCRIPCIÓN FÍSICA
Extensión 335 p. :
Otras características físicas il. ;
Dimensiones 24 cm.
490 1# - MENCIÓN DE SERIE
Mención de serie Biblioteca de Autores y Temas Tachirenses,
Designación de volumen o secuencia 24
500 ## - NOTA GENERAL
Nota general La biblioteca sólo posee el volumen 1.
650 #0 - PUNTO DE ACCESO ADICIONAL DE MATERIA--TÉRMINO DE MATERIA
Término de materia o nombre geográfico como elemento de entrada Folklore
Subdivisión geográfica Venezuela
-- Tachira.
9 (RLIN) 41452
700 1# - PUNTO DE ACCESO ADICIONAL--NOMBRE DE PERSONA
Nombre de persona Aretz, Isabel.
9 (RLIN) 37365
830 #0 - PUNTO DE ACCESO ADICIONAL DE SERIE-TÍTULO UNIFORME
Título uniforme Biblioteca de Autores y Temas Tachirenses,
Designación de volumen o secuencia 24
9 (RLIN) 4143
910 ## - DATOS DE OPCIÓN DEL USUARIO (OCLC)
Datos de opción del usuario Catalogación derivada / LC
Holdings
Estado de retiro Estado de pérdida Restricciones de uso No para préstamo Código de colección Localización permanente Ubicación/localización actual Ubicación en estantería Fecha de adquisición Número de inventario Total de préstamos Signatura topográfica completa Código de barras Fecha visto por última vez Precio válido a partir de Tipo de ítem Koha
    Préstamo interno   Monografías: Libros y Folletos General General En catalogación 31.05.2010 LF1   v. 1, t. 1 19268-10 25.06.2020 25.06.2020 Préstamo interno

Powered by Koha